XML.NET : Developer's guide.

Wedi'i Gadw mewn:
Manylion Llyfryddiaeth
Fformat: Sách giấy
Iaith:English
Cyhoeddwyd: USA : Syngress publishing, 2002.
Pynciau:
Tagiau: Ychwanegu Tag
Dim Tagiau, Byddwch y cyntaf i dagio'r cofnod hwn!
Thư viện lưu trữ: Thư viện Trường Đại học Đà Lạt
LEADER 00708nam a2200301 4500
001 DLU110127457
005 ##20111103
040 # # |a DLU  |b vie 
041 # # |a eng 
044 # # |a vn 
082 # # |a 005.276  |b XML 
245 # # |a XML.NET :  |b Developer's guide. 
260 # # |a USA :  |b Syngress publishing,  |c 2002. 
300 # # |a 566 tr. ;  |c 30 cm. 
650 # # |a Client/server computing. 
650 # # |a Electronic data interchange. 
650 # # |a XML (Document markup language). 
923 # # |a 01/2011CT 
991 # # |a GT 
992 # # |a 0 
994 # # |a KCT 
900 # # |a True 
911 # # |a Đào Thị Thu Huyền 
925 # # |a G 
926 # # |a A 
927 # # |a SH 
980 # # |a Thư viện Trường Đại học Đà Lạt